[Event "Hum na Sutli op 12th"]
[Site "Hum na Sutli"]
[Date "2018.08.25"]
[Round "1"]
[White "Backovic, Hrvoje"]
[Black "Rogulj, Branko"]
[Result "0-1"]
[WhiteElo "1923"]
[BlackElo "2404"]
[PlyCount "56"]
[EventDate "2018.08.25"]
[EventType "swiss"]
[EventRounds "9"]
[EventCountry "CRO"]
[SourceTitle "CBM 186 Extra"]
[Source "ChessBase"]
[SourceDate "2018.08.24"]
[SourceVersion "1"]
[SourceVersionDate "2018.08.24"]
[SourceQuality "1"]

1. e4 Nf6 2. e5 Nd5 3. c4 Nb6 4. d4 d6 5. exd6 exd6 6. Nf3 Be7 7. Be2 0-0 8. 0-0 c5 9. Nc3 Bg4 10. b3 Nc6 11. d5 Bxf3 12. Bxf3 Nd4 13. Be3 Bf6 14. Rc1 Nd7 15. Ne4 Be5 16. Bxd4 cxd4 17. Re1 f5 18. Ng3 a5 19. Ne2 Nc5 20. Nxd4 Qh4 21. Ne6 Qxh2+ 22. Kf1 Ne4 23. Bxe4 fxe4 24. Nxf8 Rxf8 25. Rxe4 Qh1+ 26. Ke2 Qxg2 27. Rxe5 Rxf2+ 28. Kd3 dxe5 0-1